El método en las ciencias sociales / (Registro nro. 1060)
[ vista simple ]
| 000 -LEADER | |
|---|---|
| fixed length control field | 01588aam a2200217 a 4500 |
| 003 - CONTROL NUMBER IDENTIFIER | |
| control field | AR-RoUNCS |
| 005 - DATE AND TIME OF LATEST TRANSACTION | |
| control field | 20260625162048.0 |
| 007 - PHYSICAL DESCRIPTION FIXED FIELD--GENERAL INFORMATION | |
| fixed length control field | ta |
| 008 - FIXED-LENGTH DATA ELEMENTS--GENERAL INFORMATION | |
| fixed length control field | 070426s2004 ag |r 00| 0 spa d |
| 020 ## - INTERNATIONAL STANDARD BOOK NUMBER | |
| Canceled/invalid ISBN | 987-95843-5 |
| 040 ## - CATALOGING SOURCE | |
| Original cataloging agency | AR-RoUNCS |
| Language of cataloging | spa |
| Transcribing agency | AR-RoUNCS |
| 041 ## - LANGUAGE CODE | |
| Language code of text/sound track or separate title | spa |
| 100 1# - MAIN ENTRY--PERSONAL NAME | |
| Personal name | Schuster, Félix Gustavo |
| Relator term | autor |
| 245 13 - TITLE STATEMENT | |
| Title | El método en las ciencias sociales / |
| Statement of responsibility, etc. | Félix Gustavo Schuster. |
| 260 ## - PUBLICATION, DISTRIBUTION, ETC. | |
| Place of publication, distribution, etc. | [Buenos Aires] : |
| Name of publisher, distributor, etc. | Editores de América Latina, |
| Date of publication, distribution, etc. | c2004. |
| 300 ## - PHYSICAL DESCRIPTION | |
| Extent | 139 p. ; |
| Dimensions | 17 cm. |
| 505 0# - FORMATTED CONTENTS NOTE | |
| Formatted contents note | 1. Las ciencias sociales: facticidad y confrontación -- 2. Método, realidad e investigación -- 3. ¿Uno o varios métodos? -- 4. Método axiomático y modelos -- 5. Inducción y método hipotético-deductivo -- 6. Método abstracto-deductivo y dialéctica -- 7. Comprensión, fenomenología y método progresivo-regresivo. |
| 520 ## - SUMMARY, ETC. | |
| Summary, etc. | ¿Se utilizan en las ciencias sociales métodos compartidos con otras disciplinas científicas? ¿Disponen las ciencias sociales de métodos propios? ¿Cómo aportan los métodos al conocimiento científico?: son algunas de las cuestiones que se intentan resolver en este libro, que trata el problema del método en las ciencias sociales sistemática y críticamente. Los métodos axiomático, inductivo, hipotético-deductivo, abstracto-deductivo, dialéctico, de la compresión, fenomenológico y progresivo-regresivo son analizados teórica y prácticamente, en su aplicación a la ciencia social y a la investigación científica. |
| 650 #7 - SUBJECT ADDED ENTRY--TOPICAL TERM | |
| Topical term or geographic name entry element | Ciencias sociales |
| General subdivision | Metodología |
| -- | Investigación |
| Source of heading or term | embne |
| 942 ## - ADDED ENTRY ELEMENTS (KOHA) | |
| Source of classification or shelving scheme | Universal Decimal Classification |
| Koha item type | Obra General |
| Suppress in OPAC | No |
| Withdrawn status | Lost status | Source of classification or shelving scheme | Damaged status | Not for loan | Collection | Home library | Current library | Date acquired | Source of acquisition | Total checkouts | Full call number | Barcode | Date last seen | Price effective from | Koha item type |
|---|---|---|---|---|---|---|---|---|---|---|---|---|---|---|---|
| Universal Decimal Classification | Colección General | Biblioteca Escuela de Ciencias Sociales | Biblioteca Escuela de Ciencias Sociales | 25/06/2026 | Donación 2026 | 303.1 Sch395 | 001538 | 25/06/2026 | 25/06/2026 | Obra General |